000 00606cam a2200205 a 4500
001 3541119
005 20250630130719.0
008 970110s1997 kyu b 000 0 eng
020 _a0664252710
_qacid-free paper
020 _a9780664252717
_q(acid-free paper)
050 0 0 _aBS1565.3
_b.B57 1997
082 0 0 _a224/.607
_221
100 1 _aBirch, Bruce C.
245 1 0 _aHosea, Joel, and Amos /
_cBruce C. Birch.
250 _a1st ed.
260 _aLouisville, Ky. :
_bWestminster J. Knox Press,
_cc1997.
300 _aviii, 262 p. ;
_c23 cm.
440 0 _aWestminster Bible companion
942 _2lcc
_cBK
_n0
999 _c6786
_d6786